Statistics for Phoenix Suns NBA Playoffs Leaders Per Year

Click here to take the quiz!

General Stats

  • This quiz has been taken 374 times
    (142 since last reset)
  • The average score is 14 of 45

Answer Stats

Player% Correct
Devin Booker
99%
Chris Paul
97%
Steve Nash
96%
Deandre Ayton
94%
Charles Barkley
88%
Amar'e Stoudemire
86%
Kevin Durant
84%
Kevin Johnson
70%
Dennis Johnson
69%
Shawn Marion
68%
Mikal Bridges
54%
Jason Kidd
52%
Shaquille O'Neal
41%
Tom Chambers
41%
Walter Davis
37%
Hot Rod Williams
28%
Mark West
28%
Dan Majerle
27%
Stephon Marbury
27%
Paul Westphal
23%
Alvan Adams
22%
Larry Nance
20%
Cedric Ceballos
15%
Clifford Robinson
14%
Truck Robinson
14%
Connie Hawkins
12%
Penny Hardaway
11%
Oliver Miller
10%
Alvin Scott
9%
Jeff Hornacek
9%
Rex Chapman
9%
Tom Gugliotta
9%
Antonio McDyess
8%
Gar Heard
6%
Ron Lee
6%
Maurice Lucas
5%
Paul Silas
5%
Andrew Lang
4%
Danny Manning
4%
Jared Dudley
4%
Don Buse
3%
Jay Humphries
3%
Wesley Person
3%
Jake Tsakalidis
2%
Tyrone Corbin
2%

Score Distribution

Percentile by Number Answered

Percent of People with Each Score

Your Score History

You have not taken this quiz since the last reset